Normal view
MARC view
- Naval reconnaissance
Entry Topical Term
001 - CONTROL NUMBER
- control field: 109208
003 - CONTROL NUMBER IDENTIFIER
- control field: NUST
005 - DATE AND TIME OF LATEST TRANSACTION
- control field: 20230217120826.0
008 - FIXED-LENGTH DATA ELEMENTS
- fixed length control field: 230217|| aca||aabn | a|a d
040 ## - CATALOGING SOURCE
- Original cataloging agency: NUST
- Transcribing agency: NUST
150 ## - HEADING--TOPICAL TERM
- Topical term or geographic name entry element: Naval reconnaissance
670 ## - SOURCE DATA FOUND
- Source citation: Work cat.: (NUST)212521: National Research Council (U.S.). 20017, C4ISR for future naval strike groups /, c2006.
